000 00722nam a2200289Ia 4500
005 20260324132901.0
008 008 260324s9999 xx 000 0 eng d
020 _a9780203335314
037 _aEBOOK
040 _aCRL
040 _beng
040 _cCRL
041 _2eng
041 _aeng
084 _qCRL
100 _aAlana Jeydel
_91190983
245 0 _aPolitical Women
245 4 _bThe Women's Movement, Political Institutions, the Battle for Women's Suffrage and the ERA
260 _bTaylor and Francis
260 _c2004
365 _a
365 _b325
856 _uhttp://www.taylorfrancis.com/books/9780203335314
942 _cEBOOK
999 _c1789494
_d1789494